Estrategias de promoción y prevención para el fortalecimiento de la salud mental implementadas en 3 universidades de Cartagena (Colombia), segundo semestre de 2018 / (Registro nro. 3996)

Detalles MARC
000 -LEADER
fixed length control field 01910nam a2200253 4500
005 - DATE AND TIME OF LATEST TRANSACTION
control field 20250329165434.0
008 - FIXED-LENGTH DATA ELEMENTS--GENERAL INFORMATION
fixed length control field 180709s2018 000 0 eng d
040 ## - CATALOGING SOURCE
Original cataloging agency CO-CtgCURN
Language of cataloging spa
Transcribing agency coctgcurn
082 0# - DEWEY DECIMAL CLASSIFICATION NUMBER
Classification number ENF 2018
Item number C314
100 1# - MAIN ENTRY--PERSONAL NAME
Personal name Carreazo Sánchez, Katherine Isabel.
245 10 - TITLE STATEMENT
Title Estrategias de promoción y prevención para el fortalecimiento de la salud mental implementadas en 3 universidades de Cartagena (Colombia), segundo semestre de 2018 /
Statement of responsibility, etc. Katherine Isabel Carreazo Sánchez; José Gregorio Laurens Cortezano; Erika Johana Orozco Rivero; Karina María Banquet Vásquez; Asesora: Sandra Lorena Vallejo Arias.
260 ## - PUBLICATION, DISTRIBUTION, ETC.
Place of publication, distribution, etc. Cartagena de Indias :
Name of publisher, distributor, etc. Corporación Universitaria Rafael Núñez,
Date of publication, distribution, etc. 2018.
300 ## - PHYSICAL DESCRIPTION
Extent 176 h.
504 ## - BIBLIOGRAPHY, ETC. NOTE
Bibliography, etc. note Trabajo de grado (Enfermeria). Corporación Universitaria Rafael Nuñez. Facultad de la Salud. Enfermeria, 2018.
520 ## - SUMMARY, ETC.
Summary, etc. Las universidades son entornos de alta exigencia y competitividad lo que puede afectar la salud mental de los estudiantes, por esto se diseñan e implementan estrategias para su promoción, prevención y fortalecimiento. OBJETIVO: Analizar las estrategias de promoción y prevención para el fortalecimiento de la salud mental que han sido implementadas en las universidades de Cartagena (Colombia) durante el segundo semestre de 2018.
650 #0 - SUBJECT ADDED ENTRY--TOPICAL TERM
Topical term or geographic name entry element Enfermeria
Form subdivision Tesis y disertaciones academicas.
700 1# - ADDED ENTRY--PERSONAL NAME
Personal name Laurens Cortezano, José Gregorio.
700 1# - ADDED ENTRY--PERSONAL NAME
Personal name Orozco Rivero, Erika Johana.
700 1# - ADDED ENTRY--PERSONAL NAME
Personal name Banquet Vásquez, Karina María.
700 1# - ADDED ENTRY--PERSONAL NAME
Personal name Vallejo Arias, Sandra Lorena,
Relator term Asesora.
856 ## - ELECTRONIC LOCATION AND ACCESS
Uniform Resource Identifier <a href="https://unicurn.sharepoint.com/:b:/s/biblioteca/ETjhx-EjKw9KpUcObz-z5coB96zfNbXut9-jipGJ9-2phQ?e=9fKzuJ">https://unicurn.sharepoint.com/:b:/s/biblioteca/ETjhx-EjKw9KpUcObz-z5coB96zfNbXut9-jipGJ9-2phQ?e=9fKzuJ</a>
Public note Click aqui para ver el recurso en texto completo
942 ## - ADDED ENTRY ELEMENTS (KOHA)
Source of classification or shelving scheme Dewey Decimal Classification
Koha item type Trabajos de grado
Classification part ENF 2018
Item part C314
Existencias
Withdrawn status Lost status Source of classification or shelving scheme Damaged status Not for loan Home library Current library Shelving location Date acquired Source of acquisition Cost, normal purchase price Inventory number Total checkouts Full call number Barcode Date last seen Copy number Price effective from Koha item type
    Dewey Decimal Classification     Miguel Henríquez Emiliani Miguel Henríquez Emiliani Trabajo de grado 03/29/2025 El autor 350000.00 021531   ENF 2018 C314 021531 12/07/2018 1 12/07/2018 Trabajos de grado